000 00459nam a2200181Ia 4500
003 GCL
008 140319s9999 xx 000 0 eng d
040 _aGCL /
_cGCL
082 0 4 _a373.25
_bB B
100 1 _aBYRNE, DONN
245 1 0 _aBASIC COMPREHENSION PASSAGES /
_cBYRNE, DONN
260 _a[S.N] :
_bLONGMAN ،
_c1989
300 _a120 P
650 0 4 _aEDUCATION
650 0 4 _aCOMPREHENSIVE SCHOOLS
650 0 4 _aSECONDARY EDUCATION
942 _2ddc
_cBK
999 _c14996
_d14996